Statistics for NBA basketball Quiz

Click here to take the quiz!

General Stats

  • This quiz has been taken 6,898 times
  • The average score is 9 of 15

Answer Stats

HintAnswer% Correct
Player on NBA logoJerry West
92%
Leader in 3 pointers made in a seasonStephen Curry
90%
Team with most NBA championshipsBoston Celtics
89%
The MailmanKarl Malone
85%
All time leader in 3 pointersRay Allen
85%
All time leader in assists and stealsJohn Stockton
84%
Coached Spurs to Multiple ChampionshipsGreg Poppovich
74%
"We talkin bout practice"Allen Iverson
69%
Holds record for longest suspensionRon Artest
51%
Invented BasketballDr. James Naismith
41%
"Hangs, fires, Scores!"Michael Jordan
40%
1979 NBA championsSeattle Supersonics
29%
Draft bust from GonzagaAdam Morrison
20%
Known for shattering backboardsDarryl Dawkins
18%
The Dunking DutchmanRik Smits
18%

Score Distribution

Percentile by Number Answered

Percent of People with Each Score

Your Score History

You have not taken this quiz